000 00846nmc a2200313 a 4500
003 AR-BaBNM
005 20251128202810.0
008 186119s1954 ||||||||||||||000 | spa||
040 _cAR-BaBNM
100 1 _aRamos Mejía, José María
245 1 0 _aRosas y su tiempo
_n4
260 _aBuenos Aires
_bJackson
_c1954
300 0 _a343 p.
490 0 _aGrandes escritores argentinos
_vv. 39
500 0 _aContiene índice del tomo en p. 341-343
650 4 _aHISTORIA ARGENTINA
650 4 _aHISTORIA POLITICA
650 4 _aROSAS Y SU TIEMPO
650 4 _aPERIODO INDEPENDIENTE
650 4 _aCAUDILLOS ARGENTINOS
650 4 _aMONTONERAS
650 4 _aBATALLA DE ONCATIVO
650 4 _aLIGA UNITARIA
650 4 _aPACTO FEDERAL
655 _aLITERATURA
800 1 _aPalcos, Alberto
_edirector
942 _cBK
998 _cisola
999 _c623
_d623